000 00424nam a2200157Ia 4500
008 230524s9999 xx 000 0 und d
082 _a624
_bCHA
100 _aMonojit Chakraborti
245 0 _aCivil Engineering Drawing (Including Architectural Aspect)
250 _a10
260 _aKolkata
_bbhaktivendanta Book Trust
_c2013
300 _a"1;390p,"
500 _aQuantity Number: 40
650 _aCivil
942 _cBK
999 _c54060
_d54060